Operaciones unitarias II: apuntes y evaluaciones

Shranjeno v:
Bibliografske podrobnosti
Glavni avtor: Simpson Rivera, Ricardo (Author)
Format: Knjiga
Jezik:španščina
Izdano: Valparaíso Universidad Católica de Valparaíso 1998
Teme:
Oznake: Označite
Brez oznak, prvi označite!

MARC

LEADER 00000nam a2200000 a 4500
001 UCM4838
003 CL-VaPUC
008 020906e19980000CL |||||||||||||||||spa|d
082 0 4 |a 536.2  |b SIM  |2 21 
100 0 |a Simpson Rivera, Ricardo  |e author  |9 471255 
245 1 0 |a Operaciones unitarias II: apuntes y evaluaciones 
300 |a 87 h 
942 |c BK 
945 |d 20020906 00:00:00  |a cmena 
260 |a Valparaíso  |b Universidad Católica de Valparaíso  |c 1998 
650 0 |a Transferencia de calor  |9 336631 
650 0 |a Física   |9 227844 
650 0 |a Termodinámica   |9 259320 
583 |a last modification  |c 20020906 00:00:00  |k Rodrigo Vera 
999 |c 301301  |d 301299 
952 |0 0  |1 0  |4 0  |6 536_200000000000000_SIM_1998  |7 0  |8 A  |9 360133  |a BIBALI  |b BIBALI  |c RES  |d 2019-11-21  |i 3824276  |l 1  |o 536.2 SIM 1998  |p 3824276  |r 2025-01-20  |s 2023-03-23  |w 2019-11-21  |y BK_R  |k ALI